Breve catequesis sobre el matrimonio /
Đã lưu trong:
| Tác giả chính: | |
|---|---|
| Tác giả khác: | |
| Định dạng: | Sách |
| Ngôn ngữ: | Tiếng Tây Ban Nha |
| Được phát hành: |
Madrid, España :
Encuentro,
1995, c1995
|
| Loạt: | (Ensayos Encuentro ;
87) |
| Những chủ đề: | |
| Các nhãn: |
Không có thẻ, Là người đầu tiên thẻ bản ghi này!
|
MARC
| LEADER | 00000nam^a2200000^a^4500 | ||
|---|---|---|---|
| 001 | 000187074 | ||
| 005 | 20250521000000.0 | ||
| 009 | 20260310102247.658 | ||
| 020 | |a 84-7490-353-X | ||
| 037 | |a Acervo ITESO - Biblioteca | ||
| 041 | |a ESP | ||
| 082 | |a 234. 165 |b SIC | ||
| 100 | |a Sicari, Antonio |e (autor) | ||
| 245 | 1 | 0 | |a Breve catequesis sobre el matrimonio / |c A. Sicari ; introd. de L. Giussani ; tr. por Belén Cabello. |
| 264 | 4 | |a Madrid, España : |b Encuentro, |c 1995, c1995 | |
| 300 | |a 150 p. | ||
| 336 | |a texto |b txt |2 rdacontenido | ||
| 337 | |a sin mediación |b n |2 rdamedio | ||
| 338 | |a volumen |b nc |2 rdasoporte | ||
| 440 | 1 | |a (Ensayos Encuentro ; |v 87) | |
| 500 | |a Traducción de: Breve catechesi sul matrimonio | ||
| 649 | |a XX | ||
| 650 | |a Matrimonio - |x Tema Principal | ||
| 650 | |a Sacramentos | ||
| 650 | |a Amor | ||
| 650 | |a Relaciones de Pareja | ||
| 650 | |a Cuerpo Humano - |x Aspectos Sociales y Culturales | ||
| 650 | |a Sexualidad y Religión | ||
| 650 | |a Catequesis | ||
| 650 | |a Educación Religiosa | ||
| 650 | |a Etica Cristiana | ||
| 650 | |a Teología Doctrinal | ||
| 650 | |a Catolicismo | ||
| 650 | |a Cristianismo | ||
| 650 | |a Religión | ||
| 700 | |a Giussani, Luigi |e (introducción) | ||
| 910 | |a Fondo General | ||
| 920 | |a Impresos - Libros | ||
| 930 | |a Colección General | ||
| 905 | |a 101 | ||
| 901 | |a 0500128986 |b IT1 |c ACC |u 20250521 | ||
| 902 | |a https://opac.biblio.iteso.mx/vufind/Record/000187074 | ||